Ukrajins'ki ikony XVII st. z dvobičnym zobražennjam

Bibliographic Details
Main Author: Kosiv, Roksolana (Author)
Format: Article
Language:Ukrainian
PhysicalDescription:Fotogr.
ISBN:9788089392247
Subjects:

MARC

LEADER 00000nab a2200000 ar4500
001 vtls010313625
003 SK-MaSNL
005 20260318123900.0
008 110926c2010 xo ar|p|||| |000 c|ukr
015 |a SNBRA2011/9 
038 |a SVKPOCL 
040 |a SVKPO  |b slo  |c SVKPO  |e AACR2 
041 |a ukr  |b eng 
044 |a xo  |c SK 
080 |a 80(=161.2)+908(477)  |2 2001 
080 |a 7.04  |2 2001 
080 |a 75.02  |2 2001 
080 |a (477)  |2 2001 
080 |a (048.8)  |2 2001 
100 1 |a Kosiv, Roksolana  |4 aut  |9 1335872 
245 1 0 |a Ukrajins'ki ikony XVII st. z dvobičnym zobražennjam  |c Roksolana Kosiv 
300 |b Fotogr. 
504 |a Bibliogr odk. Lit. 
546 |a Angl. resumé 
610 2 7 |a Múzeum ukrajinskej kultúry (Svidník, Slovensko)  |2 svkpocl  |9 33119 
611 2 7 |a Východokresťanské sakrálne pamiatky v slovensko-poľsko-ukrajinskom pohraničí  |g konferencia  |d (2009 :  |c Svidník, Slovensko)  |2 svkpocl  |9 1220800 
648 7 |a 19.-20.6.2009  |2 svkpocl  |9 1035052 
648 7 |a 17. stor.  |2 snkbucl  |9 288141 
650 0 7 |a ukrajinistika  |2 svkpocl  |9 51200 
650 0 7 |a sakrálne umenie  |2 svkpocl  |9 1064 
650 0 7 |a ikonografia  |2 svkpocl  |9 26172 
650 0 7 |a ikony  |2 svkpocl  |9 3134 
651 7 |a Svidník (Slovensko)  |2 svkpocl  |9 28309 
651 7 |a Ukrajina  |2 svkpocl  |9 168045 
655 7 |a štúdie  |2 svkpocl  |9 57033 
773 0 |t Naukovyj zbirnyk Muzeju ukrajins'koji kul'tury u Svydnyku. 25. = Vedecký zborník Múzea ukrajinskej kultúry vo Svidníku. 25.  |d Svidník : Múzeum ukrajinskej kultúry vo Svidníku, 2010  |g S. 280-287  |z 9788089392247 
852 |a SVKPO  |b KIS3GCP 
958 |a UK 
958 |a SK 
958 |a UA 
958 |a NB 
999 |c 2708808  |d 2710738